Normal view
MARC view
- NETHI NAGA HARI SAIRAM
Entry Personal Name
001 - CONTROL NUMBER
- control field: 3857
003 - CONTROL NUMBER IDENTIFIER
- control field: OSt
005 - DATE AND TIME OF LATEST TRANSACTION
- control field: 20181103121402.0
008 - FIXED-LENGTH DATA ELEMENTS
- fixed length control field: 181103|| aca||aabn | a|a d
040 ## - CATALOGING SOURCE
- Original cataloging agency: OSt
- Transcribing agency: OSt
100 ## - HEADING--PERSONAL NAME
- Personal name: NETHI NAGA HARI SAIRAM
670 ## - SOURCE DATA FOUND
- Source citation: Work cat.: (OSt): NETHI NAGA HARI SAIRAM, SWAT MODEL EVALUATION USING GENERATED DATA AND ASSESSING THE IMPACT OF LAND USE CHANGES, 2018
